000 00463nam a2200169Ia 4500
008 131103s9999 xx 000 0 und d
040 _aLoreto College
041 _aEnglish
082 _a913/AUS
_bLCBED/14584
245 _aAustralia
_b handbook 1972
260 _aAustralia
_bAn Australian News and Information Bureau
_c[19?]
300 _a281p.
_b pic.
_c 21cm.
504 _aIncludes index
650 _aGeography
850 _aLCBED/913/AUS
942 _cBK
999 _c29773
_d80252